Vista normal Vista MARC

Entrada Topical Term

Número de registros utilizados en: 1

001 - CONTROL NUMBER

  • control field: 1686

003 - CONTROL NUMBER IDENTIFIER

  • control field: OSt

005 - DATE AND TIME OF LATEST TRANSACTION

  • control field: 20200318160009.0

008 - FIXED-LENGTH DATA ELEMENTS

  • fixed length control field: 200318|| aca||aabn | a|a d

040 ## - CATALOGING SOURCE

  • Original cataloging agency: OSt
  • Transcribing agency: OSt

150 ## - HEADING--TOPICAL TERM

  • Topical term or geographic name entry element: Lectura elemental

670 ## - SOURCE DATA FOUND

  • Source citation: Work cat.: (OSt)3602: Taller de Talleres, autor 1684, Cómo formar hijos lectores y no morir en el intento / , 1998